| 000 | 00748nam a22002057a 4500 | ||
|---|---|---|---|
| 999 |
_c18338 _d18338 |
||
| 003 | AR-CdUCM | ||
| 008 | 190513b ||||| |||| 00| 0 spa d | ||
| 040 |
_aMUNICIPALIDAD PROVINCIAL DEL CUSCO _cBIBLIOTECA MUNICIPAL DEL CUSCO |
||
| 082 |
_a985.11 / _bK26 |
||
| 100 |
_aKauffman Doig, Federico _932172 |
||
| 245 |
_aOrigen de la cultura peruana : _bAloctonismo de Chavín / |
||
| 260 |
_aLima : _bPeruanistica, _c1963. |
||
| 300 |
_a74 páginas ; _bTablas, _c22 cm. |
||
| 505 | _aContenido: Orígenes americanos en general -- Orígenes de la cultura peruana -- Origen autóctono de Chavin. | ||
| 650 |
_aCultura peruana _91637 |
||
| 650 |
_aChavin _925928 |
||
| 650 |
_aHistoria peruana _91316 |
||
| 942 |
_2ddc _cLIBROS |
||
| 945 |
_adavv _d2019-05-13 |
||